L'industrie siderurgique en belgique

Đã lưu trong:
Bibliografiske detaljer
Hovedforfatter: Installe, M.
Format: Bog
Sprog:Undetermined
Udgivet: Paris 1974
Fag:
Tags: Tilføj Tag
Ingen Tags, Vær først til at tagge denne postø!
Thư viện lưu trữ: Trung tâm Học liệu Trường Đại học Cần Thơ
LEADER 00470nam a2200169Ia 4500
001 CTU_99579
008 210402s9999 xx 000 0 und d
082 |a 338.47669 
082 |b I.59 
100 |a Installe, M. 
245 0 |a L'industrie siderurgique en belgique 
245 0 |c M. Installe 
260 |a Paris 
260 |c 1974 
650 |a Steel industry and trade,Iron industry and trade 
904 |i Truc 
980 |a Trung tâm Học liệu Trường Đại học Cần Thơ